[Event "Wch Blitz"]
[Site "Samarkand"]
[Date "2023.12.30"]
[Round "18"]
[White "Vakhidov, Daler"]
[Black "Khusenkhojaev, Mustafokhuja"]
[Result "1-0"]
[WhiteElo "2175"]
[BlackElo "2298"]
[PlyCount "81"]
[EventDate "2023.12.29"]
[EventType "swiss (blitz)"]
[EventRounds "21"]
[EventCountry "UZB"]
[SourceTitle "CB01_2024"]
[SourceDate "2024.01.03"]
[SourceVersion "1"]
[SourceVersionDate "2024.01.03"]
[SourceQuality "1"]

1. Nf3 Nf6 2. g3 g6 3. d4 d5 4. Bg2 Bg7 5. c4 c6 6. 0-0 0-0 7. Nc3 dxc4 8. a4 Na6 9. h3 c5 10. d5 Nb4 11. e4 Nd3 12. Nd2 Nxc1 13. Rxc1 Bh6 14. f4 Nd7 15. Nxc4 Nb6 16. Ne5 Bg7 17. Kh2 Bxe5 18. fxe5 Nd7 19. e6 fxe6 20. Rxf8+ Nxf8 21. Qf3 exd5 22. Rf1 Qe8 23. exd5 Bf5 24. g4 Bd7 25. Ne4 Qb8+ 26. Kh1 Qe5 27. d6 Kh8 28. dxe7 Qxe7 29. Qc3+ Qg7 30. Nf6 Bc6 31. Bxc6 bxc6 32. Qxc5 Rb8 33. b4 a6 34. g5 Ne6 35. Qd6 Qg8 36. h4 Qd8 37. Qxe6 Rxb4 38. Qe5 Rxh4+ 39. Kg2 Qd2+ 40. Rf2 Rg4+ 41. Nxg4+ 1-0

[Event "Wch Blitz"]
[Site "Samarkand"]
[Date "2023.12.29"]
[Round "7"]
[White "Aditya, Mittal"]
[Black "Vakhidov, Daler"]
[Result "1-0"]
[WhiteElo "2595"]
[BlackElo "2175"]
[PlyCount "127"]
[EventDate "2023.12.29"]
[EventType "swiss (blitz)"]
[EventRounds "21"]
[EventCountry "UZB"]
[SourceTitle "CB01_2024"]
[SourceDate "2024.01.03"]
[SourceVersion "1"]
[SourceVersionDate "2024.01.03"]
[SourceQuality "1"]

1. d4 Nf6 2. c4 c5 3. d5 b5 4. cxb5 a6 5. bxa6 g6 6. Nc3 Bg7 7. e4 0-0 8. Nf3 Qa5 9. Bd2 Bxa6 10. Be2 Qb4 11. Qc2 Bxe2 12. Kxe2 Na6 13. Rhe1 Qc4+ 14. Qd3 Qxd3+ 15. Kxd3 Nb4+ 16. Kc4 Nc2 17. e5 Nxe1 18. Rxe1 Ne8 19. Bf4 Rb8 20. Nb5 Ra8 21. Kb3 d6 22. a4 dxe5 23. Nxe5 Nf6 24. Rd1 Nh5 25. g3 g5 26. Nd7 Rfd8 27. Nb6 gxf4 28. Nxa8 Rxa8 29. Rc1 fxg3 30. hxg3 Nf6 31. Rxc5 Ne4 32. Rc7 Bf6 33. Rc6 Nxf2 34. d6 exd6 35. Rxd6 Ne4 36. Rc6 Be7 37. Nc7 Rb8+ 38. Nb5 Nc5+ 39. Kb4 Ne4+ 40. Kc4 Nxg3 41. a5 h5 42. a6 Ra8 43. a7 h4 44. Ra6 Bd8 45. Kd5 Kg7 46. Kc6 h3 47. Ra3 Nf5 48. Rxh3 Nd4+ 49. Kb7 Nxb5 50. Kxa8 Bb6 51. Rb3 Bxa7 52. Rxb5 Bd4 53. b4 Kg6 54. Rd5 Be3 55. b5 f5 56. Kb7 Kg5 57. b6 Kg4 58. Rd3 Bg1 59. Kc6 f4 60. b7 Ba7 61. Ra3 Bb8 62. Ra8 Be5 63. Kd5 Bc7 64. Rc8 1-0

[Event "Wch Blitz"]
[Site "Samarkand"]
[Date "2023.12.29"]
[Round "3"]
[White "Muradli, Mahammad"]
[Black "Vakhidov, Daler"]
[Result "1/2-1/2"]
[WhiteElo "2550"]
[BlackElo "2175"]
[PlyCount "104"]
[EventDate "2023.12.29"]
[EventType "swiss (blitz)"]
[EventRounds "21"]
[EventCountry "UZB"]
[SourceTitle "CB01_2024"]
[SourceDate "2024.01.03"]
[SourceVersion "1"]
[SourceVersionDate "2024.01.03"]
[SourceQuality "1"]

1. d4 Nf6 2. c4 c5 3. d5 b5 4. cxb5 a6 5. bxa6 g6 6. Nc3 Bg7 7. Nf3 0-0 8. e4 Qa5 9. Bd2 d6 10. Be2 Qb4 11. Qc2 Bxa6 12. Bxa6 Nxa6 13. 0-0 Rfb8 14. b3 c4 15. Rab1 Nc5 16. e5 cxb3 17. axb3 Nfd7 18. exd6 exd6 19. Ne2 Qb7 20. b4 Na4 21. Qc6 Ndb6 22. Nf4 Qe7 23. Rfe1 Qf6 24. Rbc1 Bh6 25. Ne2 Bxd2 26. Nxd2 Rc8 27. Qb5 Qf5 28. Rxc8+ Rxc8 29. Ng3 Qxd5 30. Qe2 Nc3 31. Qe3 Nc4 32. Nxc4 Qxc4 33. Qd2 Qxb4 34. h3 Nd5 35. Qd1 Nf4 36. Re4 Qb2 37. Qxd6 Ne6 38. Kh2 Qb8 39. Qd5 Re8 40. Qc4 h5 41. h4 Rc8 42. Qe2 Ng7 43. Kh3 Qd6 44. Qf3 Qd7+ 45. Kh2 Re8 46. Rf4 Ne6 47. Re4 Ng7 48. Rxe8+ Qxe8 49. Ne4 Qe5+ 50. g3 Nf5 51. Kg2 Nd4 52. Qd3 Ne6 1/2-1/2

[Event "Wch Blitz"]
[Site "Samarkand"]
[Date "2023.12.29"]
[Round "6"]
[White "Vakhidov, Daler"]
[Black "Daneshvar, Bardiya"]
[Result "0-1"]
[WhiteElo "2175"]
[BlackElo "2591"]
[PlyCount "90"]
[EventDate "2023.12.29"]
[EventType "swiss (blitz)"]
[EventRounds "21"]
[EventCountry "UZB"]
[SourceTitle "CB01_2024"]
[SourceDate "2024.01.03"]
[SourceVersion "1"]
[SourceVersionDate "2024.01.03"]
[SourceQuality "1"]

1. d4 Nf6 2. Nf3 b6 3. g3 Bb7 4. Bg2 g6 5. c4 Bg7 6. Nc3 Ne4 7. Nxe4 Bxe4 8. 0-0 0-0 9. Nh4 Bxg2 10. Nxg2 c5 11. dxc5 bxc5 12. Qd5 Na6 13. Rb1 d6 14. Bd2 Qd7 15. h4 Nc7 16. Qe4 Qe6 17. Qd3 a5 18. Bc3 a4 19. Nf4 Qf5 20. Qxf5 gxf5 21. Bxg7 Kxg7 22. b4 axb3 23. axb3 Rfb8 24. Nd3 Ne6 25. b4 cxb4 26. Rxb4 Rc8 27. Rb7 Kf8 28. Rc1 Ra4 29. Rb4 Ra2 30. e3 Rd2 31. Rc3 Kg7 32. Rb5 Kf6 33. c5 dxc5 34. Nxc5 Ra8 35. Nxe6 Ra1+ 36. Kg2 fxe6 37. Rb4 Raa2 38. Rf4 e5 39. Rf3 e4 40. Rf4 h5 41. Rc6+ e6 42. Rc8 Ra1 43. Rf8+ Kg7 44. Rc8 Rdd1 45. f3 Rd2+ 0-1

[Event "Wch Blitz"]
[Site "Samarkand"]
[Date "2023.12.29"]
[Round "10"]
[White "Vakhidov, Daler"]
[Black "Rojas Salas, Steven"]
[Result "0-1"]
[WhiteElo "2175"]
[BlackElo "2172"]
[PlyCount "80"]
[EventDate "2023.12.29"]
[EventType "swiss (blitz)"]
[EventRounds "21"]
[EventCountry "UZB"]
[SourceTitle "CB01_2024"]
[SourceDate "2024.01.03"]
[SourceVersion "1"]
[SourceVersionDate "2024.01.03"]
[SourceQuality "1"]

1. d4 d5 2. Nf3 Nf6 3. g3 c5 4. Bg2 cxd4 5. 0-0 h6 6. Bf4 e6 7. Nxd4 g5 8. Bxb8 Rxb8 9. c4 dxc4 10. Nc3 Bd7 11. Ndb5 Qb6 12. a4 a6 13. a5 Qc5 14. Nd4 Bg7 15. Na4 Qxa5 16. Nc3 Qc7 17. e4 0-0 18. Qe2 Rfd8 19. Rfd1 Ne8 20. Nc2 b5 21. Nb4 Bc8 22. Rxd8 Qxd8 23. Nc6 Qc7 24. Nxb8 Qxb8 25. Rd1 Qc7 26. Qe3 b4 27. Na4 Bd7 28. Nc5 Bb5 29. e5 Qxe5 30. Ne4 Qxb2 31. Bf1 Qe5 32. h4 Bc6 33. hxg5 Qxe4 34. Qxe4 Bxe4 35. gxh6 c3 36. hxg7 c2 37. Re1 b3 38. Bc4 b2 39. Rxe4 c1Q+ 40. Bf1 b1Q 0-1

[Event "Wch Rapid"]
[Site "Samarkand"]
[Date "2023.12.28"]
[Round "10"]
[White "Orozbaev, Eldiar"]
[Black "Vakhidov, Daler"]
[Result "0-1"]
[WhiteElo "2305"]
[BlackElo "2175"]
[PlyCount "54"]
[EventDate "2023.12.26"]
[EventType "swiss (rapid)"]
[EventRounds "13"]
[EventCountry "UZB"]
[SourceTitle "CB01_2024"]
[SourceDate "2024.01.03"]
[SourceVersion "1"]
[SourceVersionDate "2024.01.03"]
[SourceQuality "1"]

1. e4 c5 2. Nf3 g6 3. d4 cxd4 4. Qxd4 Nf6 5. e5 Nc6 6. Qa4 Nd5 7. Qb3 Nc7 8. Bc4 Ne6 9. Nc3 Bg7 10. Bxe6 dxe6 11. Bf4 0-0 12. 0-0 Nd4 13. Nxd4 Qxd4 14. Bg3 b6 15. Rfd1 Qc5 16. Qb5 Qc7 17. Rd4 Rd8 18. Rad1 Rxd4 19. Rxd4 Bb7 20. Qd7 Qc6 21. f3 b5 22. Bf4 Qb6 23. Ne2 Bf8 24. a4 Bc6 25. a5 Qa6 26. Qc7 Rc8 27. Rd8 Rxc7 0-1

[Event "Titled Tuesday intern op 14th April"]
[Site "Chess.com INT"]
[Date "2020.04.14"]
[Round "3"]
[White "Vakhidov, Daler"]
[Black "Lewtak, Damian"]
[Result "1-0"]
[WhiteElo "2177"]
[BlackElo "2365"]
[PlyCount "83"]
[EventDate "2020.04.14"]
[EventType "swiss (blitz)"]
[EventRounds "10"]
[EventCountry "USA"]
[SourceTitle "EXT 2021"]
[Source "ChessBase"]
[SourceDate "2020.10.23"]
[SourceVersion "1"]
[SourceVersionDate "2020.10.23"]
[SourceQuality "1"]

1. c4 g6 2. Nc3 Bg7 3. d4 d6 4. Nf3 e5 5. dxe5 dxe5 6. Qxd8+ Kxd8 7. g3 c6 8. Bg2 h6 9. 0-0 Be6 10. b3 Nd7 11. Rd1 Kc7 12. Ba3 Bf8 13. Bb2 f6 14. Rac1 Bc5 15. Ne4 Be7 16. Nh4 Bf7 17. Bh3 Rd8 18. f4 exf4 19. gxf4 Rh7 20. Nf3 f5 21. Ne5 Be8 22. Nxd7 Rxd7 23. Be5+ Kc8 24. Rxd7 Bxd7 25. Rd1 Bb4 26. Nd6+ Bxd6 27. Rxd6 Ne7 28. Rf6 Be8 29. e4 Rf7 30. Rxf7 Bxf7 31. Bd6 Kd7 32. Bxe7 Kxe7 33. exf5 g5 34. Kf2 Kf6 35. Ke3 Bh5 36. fxg5+ hxg5 37. Kd4 Bd1 38. Kc5 g4 39. Bg2 Bf3 40. Bf1 Ke5 41. Bd3 b6+ 42. Kb4 1-0

[Event "Titled Tuesday intern op 7th April"]
[Site "Chess.com INT"]
[Date "2020.04.07"]
[Round "2"]
[White "Vakhidov, Daler"]
[Black "Hjartarson, Johann"]
[Result "1-0"]
[WhiteElo "2177"]
[BlackElo "2525"]
[PlyCount "123"]
[EventDate "2020.04.07"]
[EventType "swiss (blitz)"]
[EventRounds "10"]
[EventCountry "USA"]
[SourceTitle "EXT 2021"]
[Source "ChessBase"]
[SourceDate "2020.10.23"]
[SourceVersion "1"]
[SourceVersionDate "2020.10.23"]
[SourceQuality "1"]

1. c4 g6 2. Nc3 Bg7 3. d4 d6 4. Nf3 Nf6 5. g3 0-0 6. Bg2 Nbd7 7. 0-0 e5 8. e4 c6 9. h3 exd4 10. Nxd4 Re8 11. Re1 Nc5 12. Bf4 Nh5 13. Be3 a5 14. Qc2 Qc7 15. Rad1 Ne6 16. Qd2 Nxd4 17. Bxd4 Be5 18. Kh2 Be6 19. f4 Bxd4 20. Qxd4 Rad8 21. b3 Qe7 22. Nd5 Bxd5 23. cxd5 c5 24. Qc3 b6 25. e5 dxe5 26. fxe5 Qg5 27. h4 Qg4 28. Bh3 Qb4 29. Qxb4 axb4 30. d6 Ng7 31. d7 Re7 32. Rd6 Ne6 33. Bxe6 Rxe6 34. Rxe6 fxe6 35. Rd1 Kf7 36. Rd6 Ke7 37. Rxb6 Rxd7 38. Kh3 Ra7 39. Rb5 Kd7 40. Rxc5 Rxa2 41. Rc4 Re2 42. Rxb4 Kc6 43. Rc4+ Kb6 44. Rd4 Rxe5 45. Rd7 h5 46. Rg7 Kc5 47. Rxg6 Kb4 48. Rg5 Rd5 49. Rg6 e5 50. Rg5 Kxb3 51. Rxh5 Kc4 52. Kg4 Kd4 53. Rh8 e4 54. Kf4 Kd3 55. Re8 Rd7 56. h5 Rf7+ 57. Kg5 e3 58. Kg6 Rd7 59. h6 e2 60. h7 Rd6+ 61. Kg7 Rd7+ 62. Kg8 1-0

[Event "Titled Tuesday intern op 7th April"]
[Site "Chess.com INT"]
[Date "2020.04.07"]
[Round "9"]
[White "Vakhidov, Daler"]
[Black "Yoo, Christopher Woojin"]
[Result "1-0"]
[WhiteElo "2177"]
[BlackElo "2455"]
[PlyCount "57"]
[EventDate "2020.04.07"]
[EventType "swiss (blitz)"]
[EventRounds "10"]
[EventCountry "USA"]
[SourceTitle "EXT 2021"]
[Source "ChessBase"]
[SourceDate "2020.10.23"]
[SourceVersion "1"]
[SourceVersionDate "2020.10.23"]
[SourceQuality "1"]

1. c4 Nf6 2. Nc3 g6 3. g3 Bg7 4. Bg2 c6 5. e4 d5 6. cxd5 cxd5 7. e5 Ne4 8. d4 Nc6 9. Nge2 Nxc3 10. bxc3 0-0 11. h4 h6 12. Be3 Bg4 13. f3 Be6 14. Qd2 Kh7 15. Nf4 Bc8 16. g4 f5 17. h5 g5 18. Ng6 Rf7 19. f4 gxf4 20. Nxf4 fxg4 21. 0-0 e6 22. Qc2+ Kg8 23. Ng6 Ne7 24. Rxf7 Kxf7 25. Nxe7 Qxe7 26. Bxh6 Bxh6 27. Qg6+ Kf8 28. Rf1+ Bf4 29. Rxf4+ 1-0

[Event "Titled Tuesday intern op 3rd March"]
[Site "Chess.com INT"]
[Date "2020.03.03"]
[Round "5"]
[White "Vakhidov, Daler"]
[Black "Bykov, Egor"]
[Result "1-0"]
[WhiteElo "2177"]
[BlackElo "2436"]
[PlyCount "93"]
[EventDate "2020.03.03"]
[EventType "swiss (blitz)"]
[EventRounds "10"]
[EventCountry "USA"]
[SourceTitle "EXT 2021"]
[Source "ChessBase"]
[SourceDate "2020.10.23"]
[SourceVersion "1"]
[SourceVersionDate "2020.10.23"]
[SourceQuality "1"]

1. d4 Nf6 2. c4 e6 3. g3 d5 4. Bg2 Bb4+ 5. Nd2 0-0 6. Ngf3 dxc4 7. Qc2 b5 8. a4 c6 9. 0-0 a5 10. b3 cxb3 11. Nxb3 bxa4 12. Rxa4 Ba6 13. Rd1 Bb5 14. Ra1 Nbd7 15. Ne5 Nxe5 16. dxe5 Nd7 17. Nd4 Rc8 18. Be4 g6 19. Bh6 Re8 20. Rac1 Ba3 21. Rb1 Bc5 22. Be3 Qe7 23. Nxb5 cxb5 24. Rxd7 Qxd7 25. Bxc5 b4 26. Rc1 Qc7 27. Qb2 Red8 28. Be3 Qb8 29. Ra1 Qb5 30. Bd3 Qd5 31. Bg5 Rd7 32. Qd2 Qxe5 33. Re1 b3 34. Bf4 Qd4 35. Qxa5 b2 36. Be5 Qd5 37. Qxd5 Rxd5 38. Bxb2 Rb8 39. Bf6 Rd6 40. g4 Rc6 41. g5 h6 42. h4 hxg5 43. hxg5 Rc5 44. Kg2 Rb4 45. Rh1 Rg4+ 46. Kf3 Rgxg5 47. Rh8# 1-0

[Event "Titled Tuesday intern op 3rd March"]
[Site "Chess.com INT"]
[Date "2020.03.03"]
[Round "3"]
[White "Vakhidov, Daler"]
[Black "Mikhailovsky, Vladimir"]
[Result "1-0"]
[WhiteElo "2177"]
[BlackElo "2228"]
[PlyCount "45"]
[EventDate "2020.03.03"]
[EventType "swiss (blitz)"]
[EventRounds "10"]
[EventCountry "USA"]
[SourceTitle "EXT 2021"]
[Source "ChessBase"]
[SourceDate "2020.10.23"]
[SourceVersion "1"]
[SourceVersionDate "2020.10.23"]
[SourceQuality "1"]

1. d4 Nf6 2. c4 e6 3. g3 Bb4+ 4. Bd2 Qe7 5. Bg2 0-0 6. e3 c5 7. Bxb4 cxb4 8. Ne2 d5 9. cxd5 exd5 10. Nf4 Bg4 11. Nxd5 Nxd5 12. Qxg4 Nxe3 13. fxe3 Qxe3+ 14. Qe2 Qxd4 15. Bxb7 Nd7 16. Bxa8 Rxa8 17. Nd2 Qxb2 18. 0-0 Nf6 19. Rab1 Qxa2 20. Rxb4 Rd8 21. Qe7 Qxd2 22. Rxf6 gxf6 23. Rg4+ 1-0

[Event "Titled Tuesday intern op1 3rd March  "]
[Site "Chess.com INT"]
[Date "2020.03.03"]
[Round "3"]
[White "Vakhidov, Daler"]
[Black "Pantev, Veselin"]
[Result "1-0"]
[WhiteElo "2177"]
[BlackElo "2393"]
[PlyCount "61"]
[EventDate "2020.03.03"]
[EventType "swiss (blitz)"]
[EventRounds "10"]
[EventCountry "USA"]
[SourceTitle "EXT 2021"]
[Source "ChessBase"]
[SourceDate "2020.10.23"]
[SourceVersion "1"]
[SourceVersionDate "2020.10.23"]
[SourceQuality "1"]

1. c4 Nf6 2. Nc3 c5 3. g3 Nc6 4. Bg2 e6 5. Nf3 Be7 6. 0-0 d6 7. d4 cxd4 8. Nxd4 Bd7 9. b3 a6 10. Bb2 0-0 11. e3 Rc8 12. Rc1 Qb6 13. Nde2 Rfd8 14. Qd2 h6 15. Rfd1 Qa7 16. h3 Qb8 17. Nf4 b5 18. cxb5 axb5 19. Kh2 Ne5 20. Nd3 Nxd3 21. Qxd3 Bc6 22. Bxc6 Rxc6 23. Qxb5 Rb6 24. Qa5 d5 25. Na4 Rb7 26. Qa6 Ne4 27. Kg2 Bd6 28. Qe2 Ra7 29. Bd4 Ra6 30. Qxa6 Bxg3 31. Qb6 1-0

[Event "Titled Tuesday intern op 3rd March"]
[Site "Chess.com INT"]
[Date "2020.03.03"]
[Round "8"]
[White "Vakhidov, Daler"]
[Black "Rastbod, Ali"]
[Result "1-0"]
[WhiteElo "2177"]
[BlackElo "2321"]
[PlyCount "77"]
[EventDate "2020.03.03"]
[EventType "swiss (blitz)"]
[EventRounds "10"]
[EventCountry "USA"]
[SourceTitle "EXT 2021"]
[Source "ChessBase"]
[SourceDate "2020.10.23"]
[SourceVersion "1"]
[SourceVersionDate "2020.10.23"]
[SourceQuality "1"]

1. c4 g6 2. d4 Bg7 3. Nf3 d6 4. Nc3 Bg4 5. g3 Bxf3 6. exf3 e6 7. d5 e5 8. Bh3 Na6 9. 0-0 Ne7 10. Qa4+ Kf8 11. f4 Nc5 12. Qc2 a5 13. fxe5 Bxe5 14. Bh6+ Bg7 15. Qd2 Ng8 16. Bg5 Bf6 17. Be3 Kg7 18. Rfe1 h5 19. Rab1 Nh6 20. a3 Ng4 21. Bxg4 hxg4 22. b4 axb4 23. axb4 Nd7 24. Bd4 Bxd4 25. Qxd4+ Qf6 26. Qxf6+ Kxf6 27. Re4 Ne5 28. Kg2 Ra3 29. Nb5 Ra2 30. Nxc7 Nf3 31. Rh1 Kg5 32. h4+ Kh5 33. Nb5 f5 34. Re7 Kh6 35. Nxd6 Rf8 36. Nf7+ Kh5 37. Ne5 Kh6 38. Nxf3 gxf3+ 39. Kxf3 1-0

[Event "Titled Tuesday intern op1 3rd March  "]
[Site "Chess.com INT"]
[Date "2020.03.03"]
[Round "1"]
[White "Vakhidov, Daler"]
[Black "Suarez Uriel, Adrian"]
[Result "1-0"]
[WhiteElo "2177"]
[BlackElo "2354"]
[PlyCount "81"]
[EventDate "2020.03.03"]
[EventType "swiss (blitz)"]
[EventRounds "10"]
[EventCountry "USA"]
[SourceTitle "EXT 2021"]
[Source "ChessBase"]
[SourceDate "2020.10.23"]
[SourceVersion "1"]
[SourceVersionDate "2020.10.23"]
[SourceQuality "1"]

1. c4 e5 2. Nc3 Nf6 3. Nf3 Nc6 4. e4 Bb4 5. d3 0-0 6. a3 Bxc3+ 7. bxc3 d6 8. g3 h6 9. Bg2 Be6 10. h3 Qd7 11. Be3 b6 12. g4 Nh7 13. 0-0 Rae8 14. Nd2 Ng5 15. f4 exf4 16. Bxf4 Ne5 17. Qe2 a6 18. d4 Ng6 19. d5 Bxg4 20. hxg4 Ne5 21. Bxe5 Rxe5 22. Rf5 Rfe8 23. Rxe5 Rxe5 24. Rf1 Qa4 25. Qd3 Qxa3 26. Nf3 Nxf3+ 27. Bxf3 a5 28. Kg2 a4 29. Qc2 Re8 30. Rf2 Ra8 31. e5 dxe5 32. d6 Rc8 33. Bd5 Qxd6 34. Rxf7 Kh8 35. Qf5 a3 36. Qxc8+ Kh7 37. Rxg7+ Kxg7 38. Qg8+ Kf6 39. Qf7+ Kg5 40. Qf5+ Kh4 41. Qh5# 1-0

[Event "Titled Tuesday intern op 4th Febr"]
[Site "Chess.com INT"]
[Date "2020.02.04"]
[Round "4"]
[White "Andreikin, Dmitry"]
[Black "Vakhidov, Daler"]
[Result "1-0"]
[WhiteElo "2726"]
[BlackElo "2177"]
[PlyCount "91"]
[EventDate "2020.02.04"]
[EventType "swiss (blitz)"]
[EventRounds "10"]
[EventCountry "USA"]
[SourceTitle "EXT 2021"]
[Source "ChessBase"]
[SourceDate "2020.10.23"]
[SourceVersion "1"]
[SourceVersionDate "2020.10.23"]
[SourceQuality "1"]

1. d4 Nf6 2. c4 c5 3. d5 e5 4. Nc3 d6 5. e4 Nbd7 6. Bd3 a6 7. Nge2 Be7 8. 0-0 h5 9. a3 h4 10. b4 Nh5 11. Bc2 0-0 12. Rb1 Bg5 13. Na4 b6 14. Nac3 a5 15. bxc5 Nxc5 16. Na4 Nd7 17. Nec3 Bxc1 18. Qxc1 Nf4 19. Qe3 Qg5 20. g3 Nf6 21. Kh1 Ng4 22. gxf4 exf4 23. Qxb6 f3 24. Rg1 Ra6 25. Rxg4 Qxg4 26. Rg1 Rxb6 27. Rxg4 Bxg4 28. Nxb6 Rb8 29. Nca4 f6 30. Bd1 Kf8 31. Kg1 Ke7 32. Kf1 Bd7 33. Ke1 Bxa4 34. Nxa4 Rb1 35. Kd2 Ra1 36. Nc3 Rxa3 37. Kc2 a4 38. Kb2 Rb3+ 39. Bxb3 axb3 40. Nd1 f5 41. exf5 Kf6 42. Ne3 Ke5 43. Kxb3 Kd4 44. Kc2 Ke4 45. Kc3 Kf4 46. Kd4 1-0

[Event "Titled Tuesday intern op 4th Febr"]
[Site "Chess.com INT"]
[Date "2020.02.04"]
[Round "7"]
[White "Le, Tuan Minh"]
[Black "Vakhidov, Daler"]
[Result "0-1"]
[WhiteElo "2501"]
[BlackElo "2177"]
[PlyCount "127"]
[EventDate "2020.02.04"]
[EventType "swiss (blitz)"]
[EventRounds "10"]
[EventCountry "USA"]
[SourceTitle "EXT 2021"]
[Source "ChessBase"]
[SourceDate "2020.10.23"]
[SourceVersion "1"]
[SourceVersionDate "2020.10.23"]
[SourceQuality "1"]

1. d4 d6 2. Nf3 g6 3. g3 Bg7 4. Bg2 Nf6 5. 0-0 0-0 6. c4 Nc6 7. Nc3 e5 8. dxe5 Nxe5 9. Qb3 Nxf3+ 10. Bxf3 Bh3 11. Rd1 Nd7 12. Qxb7 Rb8 13. Qxa7 Ne5 14. Bd5 c6 15. Bg2 Bxg2 16. Kxg2 Nxc4 17. Rd3 Nxb2 18. Bxb2 Rxb2 19. Qa3 Qb8 20. Rad1 d5 21. e3 Qb4 22. Qxb4 Rxb4 23. Ne2 Ra8 24. a3 Rb2 25. Nf4 Rc2 26. Rb1 Bf8 27. Rdb3 Rxa3 28. Rb8 Rxe3 29. Rc8 Kg7 30. Rbb8 Bd6 31. Rg8+ Kh6 32. Rb7 Re7 33. Rxe7 Bxe7 34. h4 Bd6 35. Nh3 f6 36. Rd8 Bc5 37. Rd7 g5 38. hxg5+ fxg5 39. g4 Kg6 40. Rc7 Bd4 41. Rd7 Be5 42. Re7 Bf6 43. Rd7 d4 44. Kf1 c5 45. Rd6 Rc3 46. Kg2 Kf7 47. Rd7+ Ke6 48. Rxh7 d3 49. Kf3 Rc1 50. Ke3 c4 51. Rh6 Re1+ 52. Kd2 Re2+ 53. Kd1 c3 54. Nxg5+ Kd5 55. Nf3 c2+ 56. Kc1 Rxf2 57. Rh5+ Kc4 58. Nd2+ Rxd2 59. Kxd2 Bc3+ 60. Kc1 Kb3 61. Rb5+ Bb4 62. Rxb4+ Kxb4 63. Kd2 Kb3 64. g5 0-1

[Event "Titled Tuesday intern op 4th Febr"]
[Site "Chess.com INT"]
[Date "2020.02.04"]
[Round "3"]
[White "Ohanyan, Emin"]
[Black "Vakhidov, Daler"]
[Result "0-1"]
[WhiteElo "2209"]
[BlackElo "2177"]
[PlyCount "122"]
[EventDate "2020.02.04"]
[EventType "swiss (blitz)"]
[EventRounds "10"]
[EventCountry "USA"]
[SourceTitle "EXT 2021"]
[Source "ChessBase"]
[SourceDate "2020.10.23"]
[SourceVersion "1"]
[SourceVersionDate "2020.10.23"]
[SourceQuality "1"]

1. e4 c5 2. Nf3 g6 3. d4 cxd4 4. Nxd4 Bg7 5. Nc3 Nc6 6. Be3 Nf6 7. Nxc6 bxc6 8. e5 Ng8 9. Bd4 Qa5 10. Bc4 Bxe5 11. 0-0 f6 12. Qd2 d6 13. Rfe1 Rb8 14. Bb3 h5 15. Kh1 Nh6 16. f4 Bxd4 17. Qxd4 Kf8 18. Rxe7 Kxe7 19. Re1+ Kd7 20. Qxf6 Re8 21. Qg7+ Kd8 22. Qf6+ Kd7 23. Qg7+ Kd8 24. Rxe8+ Kxe8 25. Qxg6+ Kd7 26. Qxh6 Qf5 27. Qg7+ Kd8 28. Qd4 Qc5 29. Qxc5 dxc5 30. Na4 c4 31. Bxc4 Bf5 32. c3 Bc2 33. b3 Bb1 34. b4 Ke7 35. Nc5 Rd8 36. Kg1 Rd2 37. h3 Rc2 38. Bb3 Rxc3 39. Kf2 a5 40. Na4 Rd3 41. bxa5 Bxa2 42. Bxa2 Rd2+ 43. Kf3 Rxa2 44. Nc5 Rxa5 45. Ne4 Ra3+ 46. Ke2 Ke6 47. g4 h4 48. Ng5+ Kf6 49. Nf3 Ke6 50. Nxh4 Rxh3 51. Nf3 Kd5 52. f5 Rg3 53. g5 Ke4 54. Nh4 Rxg5 55. f6 Rg4 56. Nf3 Rg2+ 57. Kf1 Kxf3 58. f7 Rf2+ 59. Ke1 Ke3 60. f8Q Rxf8 61. Kd1 Kd3 0-1

[Event "Titled Tuesday intern op 4th Febr"]
[Site "Chess.com INT"]
[Date "2020.02.04"]
[Round "9"]
[White "Pruijssers, Roeland"]
[Black "Vakhidov, Daler"]
[Result "1/2-1/2"]
[WhiteElo "2564"]
[BlackElo "2177"]
[PlyCount "53"]
[EventDate "2020.02.04"]
[EventType "swiss (blitz)"]
[EventRounds "10"]
[EventCountry "USA"]
[SourceTitle "EXT 2021"]
[Source "ChessBase"]
[SourceDate "2020.10.23"]
[SourceVersion "1"]
[SourceVersionDate "2020.10.23"]
[SourceQuality "1"]

1. f4 Nf6 2. Nf3 d5 3. g3 g6 4. Bg2 Bg7 5. 0-0 0-0 6. d3 b6 7. Ne5 Bb7 8. Nc3 Nbd7 9. e4 dxe4 10. Nxd7 Qxd7 11. dxe4 Qxd1 12. Rxd1 e5 13. f5 Rfd8 14. Rxd8+ Rxd8 15. h3 Bf8 16. Bg5 Be7 17. g4 Kg7 18. Be3 h6 19. a3 Bc6 20. Kf2 Bc5 21. Bxc5 bxc5 22. b4 Rd4 23. Ke3 Rc4 24. Kd3 Rd4+ 25. Ke3 Rc4 26. Kd3 Rd4+ 27. Ke3 1/2-1/2

[Event "Titled Tuesday intern op 1st Oct"]
[Site "Chess.com INT"]
[Date "2019.10.01"]
[Round "2"]
[White "Sanchez Alvarez, Kelvin Antonio"]
[Black "Vakhidov, Daler"]
[Result "0-1"]
[WhiteElo "2250"]
[BlackElo "2177"]
[PlyCount "44"]
[EventDate "2019.10.01"]
[EventType "swiss (blitz)"]
[EventRounds "10"]
[EventCountry "USA"]
[SourceTitle "EXT 2021"]
[Source "ChessBase"]
[SourceDate "2020.10.23"]
[SourceVersion "1"]
[SourceVersionDate "2020.10.23"]
[SourceQuality "1"]

1. e4 c5 2. Nf3 g6 3. d4 cxd4 4. Qxd4 Nf6 5. e5 Nc6 6. Qa4 Nd5 7. Qe4 Nb6 8. Nc3 Bg7 9. Bf4 d5 10. exd6 Bf5 11. Qe3 0-0 12. 0-0-0 exd6 13. Rxd6 Qc8 14. Bb5 Nb4 15. Nd4 Nxa2+ 16. Nxa2 Bxd4 17. Qd2 Bg7 18. Bd3 Nc4 19. Bxc4 Qxc4 20. Nc3 Rac8 21. Nd5 Qa2 22. Kd1 Rxc2 0-1

[Event "Titled Tuesday intern op 6th Aug"]
[Site "Chess.com INT"]
[Date "2019.08.06"]
[Round "2"]
[White "Damjanovic, Vladimir"]
[Black "Vakhidov, Daler"]
[Result "1-0"]
[WhiteElo "2405"]
[BlackElo "2190"]
[PlyCount "55"]
[EventDate "2019.08.06"]
[EventType "swiss (blitz)"]
[EventRounds "10"]
[EventCountry "USA"]
[SourceTitle "EXT 2021"]
[Source "ChessBase"]
[SourceDate "2020.10.23"]
[SourceVersion "1"]
[SourceVersionDate "2020.10.23"]
[SourceQuality "1"]

1. e4 d6 2. d4 Nf6 3. Nc3 g6 4. h4 a6 5. Be2 h5 6. Bg5 Nbd7 7. Nf3 Bg7 8. e5 Ng4 9. Nd5 f6 10. Qd3 Nf8 11. exf6 exf6 12. Bf4 Bf5 13. Qb3 Ne6 14. Qxb7 0-0 15. Bc4 Kh8 16. 0-0 Be4 17. Bg3 f5 18. Rfe1 Re8 19. Rxe4 fxe4 20. Ng5 Nxg5 21. hxg5 Bxd4 22. Nxc7 e3 23. Nxe8 exf2+ 24. Kh1 Qxe8 25. Qd5 Be5 26. Bxe5+ Qxe5 27. Qxa8+ Kg7 28. Qg8# 1-0